000 01334nam a2200385 c 4500
001 47527
003 ES-MaCES
005 20160427135845.0
008 160421s2014 sp o000 | spa d
017 _aM 1527-2014
_bDL
020 _a9788479434700
040 _aES-MaCES
_bspa
_cES-MaCES
245 0 0 _aParlamentarios abiertos
_b: tecnología y redes para la democracia
_cRafael Rubio Núñez (coord.)
260 _aMadrid
_bCongreso de los Diputados, Departamento de Publicaciones
_c[2014]
300 _a433 p.
_c21 cm
490 1 _aCuadernos del Congreso de los Diputados
_v9
500 _aÍndices
504 _aBibliografía. Bibliografía: p. 419-421
541 _cGratuito
650 4 _aparlamento
_927198
650 4 _apráctica parlamentaria
_929060
650 4 _anuevas tecnologías
_930788
650 4 _atecnología de la información
_930104
650 4 _aInternet
_930572
650 4 _ared social
_930592
650 4 _aparticipación popular
_929756
650 4 _aevaluación del impacto
_930732
650 4 _aEspaña
_926964
653 1 0 _aCiencias Sociales-Políticas
700 1 _936805
_aRubio Núñez, Rafael
_ecoord.
710 1 _aEspaña
_bCortes Generales
_bCongreso
_eed.
_92757
830 0 _aCuadernos del Congreso de los Diputados
_v9
_936783
902 _aLIB Libro
942 _2CES
_cBK
_h7.0.
999 _c47527
_d47527